000 00968nam a2200289 a 4500
001 990169375330107026
003 UkOxU
005 20240228153502.0
008 240228s2008 enkk 000 0 eng c
020 _a9780418851203 (pbk.)
040 _aUkOxU
_beng
_cUkOxU
042 _aukscp
245 0 0 _aManagement contractor collateral warranty for a funder :
_bMCWa/F : 2008 /
_cJCT.
246 1 7 _aMCWa/F
260 _aLondon :
_bSweet & Maxwell,
_c2008.
300 _aii, 21 p. :
_bforms ;
_c30 cm.
490 _aJCT Contracts 2008
500 _a"Management building contract."
500 _aTitle from cover.
650 0 _aWarranty
_zEngland.
650 0 _aWarranty
_zWales.
650 0 _aConstruction industry
_xFinance
_xLaw and legislation
_zEngland.
650 0 _aConstruction industry
_xFinance
_xLaw and legislation
_zWales.
650 0 _aManagement contracts
_zEngland.
650 0 _aManagement contracts
_zWales.
710 2 _aJoint Contracts Tribunal.
999 _c121813
_d121813